TOP 50 des youtubeurs selon leur vidéo la plus populaire - Statistiques

Statistiques générales
  • Ce quiz a été pris 425 fois
  • Le résultat moyen est 15 sur 50
Statistiques - réponses
Hint Réponse % Correct
J'OBÉIS À ELSA PENDANT 24H ! (elle a été grave gentille pour ce Yesman mdrrr) Michou
89%
JE GAGNE MA COMPÉTITION DE FITNESS !! Tibo InShape
84%
ON ACCOSTE DES GENS EN VOITURE Feat @theodortytb #2 Mastu
77%
[nom] - L'école Cyprien
71%
ON APPELLE DES GENS AU HASARD DANS NOS TÉLÉPHONES #4 feat. [nom] Mcfly & Carlito
71%
[nom] - RAP VS RÉALITÉ Mister V
70%
ON ESSAYE DES OBJETS ÉTRANGES #2 Squeezie
70%
On a construit ce lego Disney sous alc*ol (24h sans dormir)(on a craqué) Amixem
67%
48H pour sortir d’un Bunker ! (On a eu la peur de notre vie) Ft. [nom] ! Inoxtag
66%
[nom] - AVOIR UN CHAT Norman Fait des Vidéos
63%
CE MEC... - Au supermarché SEB
56%
LES 13 TOBOGGANS LES PLUS INCROYABLES DU MONDE | [nom] Lama Faché
49%
Le Pire Stagiaire : Le rappeur Greg Guillotin
46%
UNE ARAIGNÉE ! BLEDARD STORY #9 Anas
38%
DUEL DE BLAGUES ! (EDITION SLOGANS) Joyca
32%
TIBO DIT OUI À TOUT PENDANT 24H !! (Yes Man Challenge ft. [nom]) Juju Fitcats
32%
OUVRIR DES GÉODES AVEC "???" ! Dr Nozman
30%
FAIRE UN RÉGIME - [nom] Kevin Tran 陈科伟
28%
♡• LOUANE ME FAIT UN GÂTEAU SURPRISE !! •♡ L'atelier de Roxane
27%
ON AFFRONTE LES JOUEURS DU PSG SUR FIFA !!! (Mbappé, Hakimi, Marquinhos..) Gotaga
26%
LA NOUVELLE GARDERIE DE ROBLOX Furious Jumper
25%
Les gens sales - [nom] Natoo
25%
Le Siège d'Avion Qui Coûte 7 000€ (Business Class A380) Hugoposé
24%
Airbnb à 2000€ la nuit VS Airbnb à 30€ la nuit Pierre Croce
24%
Ce que j'ai dit à Marine Le Pen sur France 2 (Replay - L'Emission Politique) HugoDécrypte - Actus du jour
22%
[nom] mange en tête à tête avec la sirène (il obtient un bisou) #7 Valouzz
22%
Recette pour faire un Bonbon XXL Coca-Cola FastGoodCuisine
21%
[nom] prépare un délicieux Barbecue pour un invité surprise - Kids Pretend Play Barbecue BBQ Swan & Néo
20%
Et Si Hitler Avait Gagné la 2nd Guerre Mondiale ?! (en 360s) Poisson Fécond
19%
24 HEURES MENOTTÉE À BILAL HASSANI ll [nom] Lena Situations
17%
Les Sims VS La vie Bigorneaux & Coquillages
13%
J'ENVOIE MOMO A L'ECOLE A 4H00 DU MATIN - IL PENSE QU'IL EST 8H00 !! GameMixTreize
13%
LA NOTICE - ÊTRE PROF Le Woop
13%
DRAGUER UN MEC DEVANT SA COPINE part 2([nom]) IbraTV
11%
LE PIRE CACHE CACHE AVEC [nom] SUR FORTNITE BATTLE ROYALE !!! LeBouseuh
11%
J'AI REÇU MON BULLETIN ...(Chap 2) _ LES PARODIE BROS Les Parodies Bros
11%
JE SUIS LE BOSS DU DROPPER SUR FORTNITE CRÉATIF !!! (Ft. Doc Jazy, [nom]) MichouOff
11%
KAGOUROU - [nom] Rémi Gaillard
10%
LE PIRE JOUEUR DE FORTNITE ! (ft. "???", Micka, Adz) SQUEEZIE GAMING
9%
Grand Theft Auto VI - Paris City (Parodie GTA6) CYRILmp4
7%
J'ai installé la difficulté "INVERSÉE" sur Minecraft... Fuze III
7%
8 PORTES ANTIQUES qu'on REFUSE D'OUVRIR 🛕 Trash
6%
FACE TO FACE PERFECT LaSalle
4%
[nom] - HARRY POTTER Joueur du Grenier
3%
bref j'ai joué à call of duty avec diablox9 (parodie bref) Le Grand JD
3%
JE VOUS PRESENTE LE PETIT FRERE A [nom] TheKairi78
3%
[nom] ET [nom] ME MAQUILLENT À L'AVEUGLE ET ÇA "TOURNE MAL" 😂 FT. [nom] EnjoyPhoenix - Marie Lopez
2%
JEU D'ARMES SUR TOUS LES CALL OF DUTY !!! Skyrroz
2%
ON VA PAS SE MENTIR... EN COURS! - [nom] Jeremy Nadeau
1%
La vraie pote VS La fausse pote ⎮[nom] ft Shera ! Sananas
1%
Aucun quiz correspondant
Distribution des résultats
% des personnes avec chaque résultat
Percentile par nombre de réponses
Votre historique - résultats
Vous n’avez pas pris ce quiz